000 00983cam a22003011 4500
001 6581
003 BD-RjUL
005 20211208234255.0
008 140111s1963 riu b 000 0 eng
035 _a(BD-RjUL)6622
040 _aDLC/ICU
_cICU
_dBD-RjUL
_beng
041 1 _aengrus
082 0 0 _a512.2
_bSUS 1963
100 1 _aSuprunenko, D. A.
_q(Dmitriĭ Alekseevich)
_920710
245 1 0 _aSoluble and nilpotent linear groups /
_cD. A. Suprunenko, Translated by K.A. Hirsch
260 _aProvidence :
_bAmerican Mathematical Society,
_cc1963.
300 _a93 p. ;
_c23 cm.
490 1 _aTranslations of mathematical monographs,
_vv. 9
504 _aInclude bibliography.
650 0 _aGroup theory.
_920343
650 0 _aNilpotent groups.
_920711
830 0 _vv. 9.
_9224655
830 0 _aTranslations of mathematical monographs ;
_9224656
942 _2ddc
_cBK
999 _c6581
_d6581